000 00937nam a22002417a 4500
001 13105
003 HDC
007 cr bn ---
008 210212 my |0 eneng
040 _aHDC
245 0 _aProfit From Malaysiaʼs A Perfect Time to Benefit from Malaysiaʼs Petrochemical Infrastructure Petrochemical Industry :
_bA Perfect Time to Benefit from Malaysiaʼs Petrochemical Infrastructure
260 _aMalaysia :
_b[publisher not identified],
_c[no year]
300 _a12 pages
336 _atext
_2rdacontent
337 _acomputer
_2rdamedia
338 _aonline resource
_2rdacarrier
650 _aoil & gas reserves
_913934
650 _apetrochemical Industry
_913933
856 _zRequest full-text at [email protected]
942 _2lcc
942 _cEBOOK
942 _kEBOK 002064
999 _c10421
_d10421